Kuvavisa: Pohjois-Amerikan suurimmat A:lla alkavat kaupungit - Statistics

Yleistilastot
  • Tätä visaa on pelattu 37 kertaa
  • Keskiarvotulos 5 / 16
Vastaustilastot
Kuvavisa Hint Vastaus % Oikein
🇺🇸 510 000 Atlanta
83%
🇺🇸 980 000 Austin
83%
🇺🇸 560 000 Albuquerque
46%
🇺🇸 290 000 Anchorage
42%
🇲🇽 660 000 Acapulco
38%
🇺🇸 340 000 Anaheim
38%
🇺🇸 400 000 Arlington
29%
🇺🇸 250 000 Arlington
29%
🇺🇸 200 000 Augusta
21%
🇺🇸 200 000 Amarillo
17%
🇲🇽 860 000 Aguascalientes
13%
🇺🇸 400 000 Aurora
13%
🇺🇸 180 000 Aurora
13%
🇨🇷 200 000 Alajuela
4%
🇺🇸 190 000 Akron
0%
🇲🇽 540 000 {Apodaca} (Ciudad {Apodaca})
0%
Ehtoja vastaavia visoja ei löytynyt
Tulosjakauma
Jokaisen tuloksen saaneiden osuus
Persentiili vastausten määrän mukaan
Tuloshistoriasi
Et ole pelannut tätä visaa